| 000 | 00000nam##2200000za#4500 |
| 001 | 9.664443 |
| 003 | CaOODSP |
| 005 | 20210927150357 |
| 007 | ta |
| 008 | 150407|2003||||xxc||||| f|0| 0 eng|d |
| 040 | |aCaOODSP|beng |
| 041 | |aeng |
| 041 | |afre |
| 043 | |an-cn--- |
| 086 | 1 |aR2-261/2003 |
| 110 | 1 |aCanada. |bIndian and Northern Affairs Canada. |
| 245 | 10|aAfter marriage breakdown : |binformation on the on-reserve matrimonial home / |cCo-published by Women's Issues and Gender Equality Directorate (INAC)and Status of Women Canada. |
| 260 | |aOttawa - Ontario : |bIndian and Northern Affairs |c2003. |
| 300 | |aEnglish text, 10p. ; |c22 cm. |
| 500 | |aThis document provides information on the on-reserve matrimonial home after the breakdown of a marriage or a common-law relationship. It contains information on the laws as they were at the time this document was written.--page 1. |
| 563 | |aSoftcover |
| 590 | |a03-09|b2003-02-28 |
| 690 | 07|aIndigenous peoples|2gcpds |
| 690 | 07|aConferences|2gcpds |
| 690 | 07|aGlobalization|2gcpds |
| 710 | 2 |aStatus of Women Canada. |
| 776 | 0#|tAprès la rupture du mariage : |w(CaOODSP)9.630924 |
| 776 | 0#|tAfter marriage breakdown : |w(CaOODSP)9.686456 |
| 792 | |tAprès la rupture du mariage : |efre|w(CaOODSP)9.664444 |
| 986 | |aQS-7042-000-BB-A1 |